| 000 | 00431nam a2200133Ia 4500 | ||
|---|---|---|---|
| 008 | 191118s9999 xx 000 0 und d | ||
| 020 | _a9780198427179 | ||
| 100 | _aAwada, Natasha | ||
| 245 |
_cNatasha Awada _aMathematics: analysis and approaches _bhigher level course companion/ |
||
| 260 |
_aUK: _bOxford University Press _c2019 |
||
| 300 |
_ax, 842 p. ; _bcol. ill. : _c250 cm. |
||
| 500 | _aIncludes index | ||
| 650 | _aMathematics | ||
| 999 |
_c362703 _d362703 |
||